Регионална библиотека "Любен Каравелов" - Русе

Изгубената дъщеря (Запис номер 130527)

MARC детайли
000 -Лидер
Контролно поле с фиксирана дължина 01667nam a2200373 c 4500
003 - Код на организацията, давaща контролен номер
Контролно поле BLK
005 - Дата и час на последна редакция
Контролно поле 20250605133536.0
008 - Елементи от данни с фиксирана дължина
fixed length control field 180409b bul|||||r ||||||| ||bul||
010 ## - Наследен системен номер
LC control number KNG00136292000
020 ## - Международен стандартен номер на книга ISBN
Международен стандартен номер на книга ISBN 978-954-26-1128-8
040 ## - Източник на каталожния запис
Идентификатор на билиотеката - собственик на записа BLK
041 ## - Код за език
Код за езика на текст/звукозапис или на отделно заглавие Български
Код за езика КДБФ Български
072 #7 - Код за тематичната категория
Код организация bullib
Код за тематична категория Н83
Текст Чужда художествена литература Н
080 ## - УДК
Текстов определител УДК Англоканадска литература
УДК код - определител по УДК 821.111(71)
УДК определител -31
УДК - код + определител 821.111(71)-31
100 1# - Редна дума - Автор
Автор Гоуда, Шилпи Сомая
Авторска отговорност първи автор
R(LIN) 55449
139 ## - Редно поле
Редна дума Гоуда, Шилпи Сомая
Авторски знак Гос - Г 70
245 10 - Сведения за заглавието
Заглавие Изгубената дъщеря
Подзаглавни данни Едно дълго пътуване към Индия и към себе си : Роман
Редно поле (дума) Шилпи Сомая Гоуда; прев. от англ. Димитър Добрев
257 ## - Страна на издаване
Страна на създаване/издаване Канада
260 ## - Област на издателските данни
Име на издателя, разпространителя и проч. Хермес
Година на издаване 2012
Печатница Хасково : Полиграфюг
300 ## - Физическа характеристика
Страници 344 с.
Размери/Мащаб 20 см
380 ## - Жанр
Жанр Худож. лит.
490 1# - СЕРИИ (Колекции)
Име на серия Мегаселър
500 ## - Общи забележки
Забележка Ориг. загл. Secret Daughter / Shilpi Somaya Gowda. - Пълното име на прев. Димитър Добрев Димитров. - Съдържа и Речник на чуждите думи.
653 ## - Ключова дума – ненормативна
Ключова дума романи
659 ## - Тематичен бюлетин
Тематичен бюлетин Н
700 ## - Други автори (авторска отговорност)
Лично име Димитров, Димитър Добрев
Дати, свързани с автора 1961 -
Друга информация Преводач от английски език.
9 (RLIN) 322262
852 ## - Местоположение
Форматна сигнатура Цб 257101
856 4# - Електронен адрес и достъп
Електронен формат pdf - файл
Инструкция (цена за достъп) 0.00
Права за достъп disable
856 4# - Електронен адрес и достъп
Електронен формат pdf - файл
Инструкция (цена за достъп) 0.00
Права за достъп disable
999 ## - СИСТЕМНИ КОНТРОЛНИ НОМЕРА
Koha biblionumber 130527
Koha biblioitemnumber 130527
942 ## - АРТИКУЛИ
Вид на библиотечния материал Книги
Скрит в OPAC Не
Koha issues (borrowed), all copies 69
Периодичен библиозапис Да
944 ## - СЪЗДАВАНЕ И РЕДАКЦИЯ на ЗАПИСА
Създаване/Редакция Създаване
Дата на регистрацията/редакция 20.11.2012
Статус, дата на статуса Русанова Ирена
Служител, извършил регистрацията/редакцията 30542
944 ## - СЪЗДАВАНЕ И РЕДАКЦИЯ на ЗАПИСА
Създаване/Редакция Редакция
Дата на регистрацията/редакция 06.02.2014
Статус, дата на статуса ф /
999 ## - СИСТЕМНИ КОНТРОЛНИ НОМЕРА
Koha biblioitemnumber 130527
Наличности
Код за отписване Код за изгубен артикул Източник на класификационната схема Код за повреда Коз за рестрикции Код за отдаване Артикулен № Име на библиотеката - собственик Име на библиотеката, в която се намира в момента Статус (Текущо местоположение) Дата на вписване в системата Местоположение - отдел Цена в лева Инвентарен номер Систематично азбучна сигнатура Баркод Номер на екземпляра Цена в евро Служебна бележка Служебен тип на артикула
  Не е изгубен Universal Decimal Classification Не е повреден без рестрикции заемане за дома 212291 Регионална библиотека "Любен Каравелов" Русе Регионална библиотека "Любен Каравелов" Русе Заемна - подръчен фонд 2012-11-21 Заемна - подръчен фонд 9.70 120000761128 П 820(71)-31/Г 70 120000761128 1 4.96 Дост: Pk Вид: Ф N: 820000048 Дата: 09.11.2012 Книги
Изтеглен Не е изгубен Universal Decimal Classification Не е повреден без рестрикции заемане за дома 212292 Регионална библиотека "Любен Каравелов" Русе Регионална библиотека "Любен Каравелов" Русе Заемна - подръчен фонд 2012-11-21 Заемна - подръчен фонд 9.70 120000761129 П 820(71)-31/Г 70 120000761129 2 4.96 Дост: Pk Вид: Ф N: 820000048 Дата: 09.11.2012 Дата инв: 14.02.2018 Бележки инв: П2018 Книги
  Не е изгубен Universal Decimal Classification Не е повреден без рестрикции заемане за дома 212293 Регионална библиотека "Любен Каравелов" Русе Регионална библиотека "Любен Каравелов" Русе Заемна - подръчен фонд 2013-05-27 Заемна - подръчен фонд 12.95 120000766250 П 820(71)-31/Г 70 120000766250 3 6.62 Дост: Pk Вид: Ф N: 365 Дата: 27.05.2013 Дата инв: 14.02.2018 Бележки инв: П2018 Книги
  Не е изгубен   Не е повреден без рестрикции заемане за дома 212294 Регионална библиотека "Любен Каравелов" Русе Регионална библиотека "Любен Каравелов" Русе Заемна - подръчен фонд 2013-05-27 Заемна - подръчен фонд 12.95 120000766251 П 820(71)-31/Г 70 120000766251 4 6.62 Дост: Pk Вид: Ф N: 365 Дата: 27.05.2013 Книги
  Не е изгубен Universal Decimal Classification Не е повреден без рестрикции заемане за дома 212295 Регионална библиотека "Любен Каравелов" Русе Регионална библиотека "Любен Каравелов" Русе Заемна - подръчен фонд 2013-05-27 Заемна - подръчен фонд 12.95 120000766252 П 821-31/Г 70 120000766252 5 6.62 Дост: Pk Вид: Ф N: 365 Дата: 27.05.2013 Дата инв: 14.02.2018 Бележки инв: П2018 Книги
  Не е изгубен   Не е повреден без рестрикции ползва се в читалня 212296 Регионална библиотека "Любен Каравелов" Русе Регионална библиотека "Любен Каравелов" Русе Хранилище 2014-02-06 Хранилище 12.95 120000774019 Цб 257101 120000774019 6 6.62 Дост: Dp Вид: Д N: 5 Дата: 04.02.2013 Книги
  Не е изгубен Universal Decimal Classification Не е повреден без рестрикции заемане за дома 679659 Регионална библиотека "Любен Каравелов" Русе Регионална библиотека "Любен Каравелов" Русе Заемна - подръчен фонд 2018-08-28 Заемна - подръчен фонд 0.37 120000821982 П 820(71)-31/Г 70 120000821982 7 0.19   Книги
Vip Innovations Ltd, Rousse, Bulgaria 2025